000 00586cam a22002053a 4500
001 40482
003 PGUSA
005 20140828083914.0
008 120811s2012||||xxu|||||s|||||000 | eng d
040 _aPGUSA
_beng
042 _adc
100 1 _aFosdick, Harry Emerson,
_d1878-1969
245 1 4 _aThe Meaning of Faith
_h[electronic resource] /
_cHarry Emerson Fosdick
260 _bProject Gutenberg,
_c2012
506 _aPublic domain in the USA.
516 _aElectronic text
830 0 _aProject Gutenberg
_v40482
856 4 0 _uhttp://www.gutenberg.org/ebooks/40482
942 _cEB
999 _c269735
_d269735